Normal view
MARC view
- عبدالهادي، عدلي محمد، م مشارك محمد عبدالله الدرايسة
Entry Personal Name
001 - CONTROL NUMBER
- control field: 51405
003 - CONTROL NUMBER IDENTIFIER
- control field: JO-AjAnu
005 - DATE AND TIME OF LATEST TRANSACTION
- control field: 20230606082445.0
008 - FIXED-LENGTH DATA ELEMENTS
- fixed length control field: 230606|| aca||aabn | a|a d
040 ## - CATALOGING SOURCE
- Original cataloging agency: JO-AjAnu
- Transcribing agency: JO-AjAnu
100 ## - HEADING--PERSONAL NAME
- Personal name: عبدالهادي، عدلي محمد، م مشارك محمد عبدالله الدرايسة
670 ## - SOURCE DATA FOUND
- Source citation: Work cat.: (JO-AjAnu)26271: عبدالهادي، عدلي محمد، م مشارك محمد عبدالله الدرايسة, author, حساب الكميات والمواصفات للتصميم الداخلي